000 00584nam a2200217Ia 4500
005 20250108125029.0
008 008 250107s9999 xx 000 0 eng d
037 _aTB
040 _aCRL
_beng
_cCRL
041 _aeng
_2eng
084 _aΔ2wN P6
084 _qCRL
100 _aMani Buddha Rashmi Au.
_9730297
245 0 _aShri Krishna: Mathura to Dwarka
_cMani Buddha Rashmi Au.
260 _aNew Delhi, India
_bManak Publications
_c3080
300 _a194p.
365 _aINR
_b495
650 _aRELIGION
942 _cTB
_hΔ2wN P6
999 _c1235468
_d1235468